000 00798cab a2200253 4500
001 ABS59400
008 090401t1998 xxu||||| |||| 00| 0 eng d
035 _a(Sirsi) u89309
041 _aeng
100 _aHaverson, N.
245 _aDealing with noisy neighbours
260 _c1998
350 _a0
490 _aFaculty of Building Journal
_v7(5) October 1998, 28-29(2)
520 _aConsiders, in light of rising complaints of domestic noise, how legislation and building technology may overcome the problem.
650 _aBUILDING REGULATIONS PART E
650 _aENVIRONMENTAL PROTECTION ACT 1990
650 _aNOISE CONTROL
650 _aNOISY NEIGHBOURS
650 _aSOUND INSULATION
690 _aBUILT ENVIRONMENT-CONSTRUCTION DESIGN
942 _n0
948 _c27/10/1998
999 _c56489
_d56489